000 01072nam a2200289 a 4500
001 ebr10231133
003 CaPaEBR
006 m u
007 cr cn|||||||||
008 720120s1959 mnu s 000 0 eng d
010 _z 59015735
015 _aGB60-8409
020 _z9780816601943
020 _z9780816662760
040 _aCaPaEBR
_cCaPaEBR
035 _a(OCoLC)646750168
050 1 4 _aPS3515.A3145
_bP6 1959eb
100 1 _aHall, Carol.
245 1 0 _aPortrait of your niece
_h[electronic resource] :
_band other poems /
_cby Carol Hall.
260 _aMinneapolis :
_bUniversity of Minnesota Press,
_c[1959]
300 _a55 p.
533 _aElectronic reproduction.
_bPalo Alto, Calif. :
_cebrary,
_d2013.
_nAvailable via World Wide Web.
_nAccess may be limited to ebrary affiliated libraries.
650 0 _aAmerican poetry
_y20th century.
655 7 _aElectronic books.
_2local
710 2 _aebrary, Inc.
856 4 0 _uhttp://site.ebrary.com/lib/rucke/Doc?id=10231133
_zAn electronic book accessible through the World Wide Web; click to view
999 _c153744
_d153744